00955nam a22002417a 4500003000900000008004100009040007100050082002400121110003000145245008200175260003300257300005900290505003700349650001800386650002700404650003100431700003500462700003700497700004900534700004300583700004000626700004700666AR-CdUCM190402b ||||| |||| 00| 0 spa d aMUNICIPALIDAD PROVINCIAL DEL CUSCOcBIBLIOTECA MUNICIPAL DEL CUSCO aEP / 372.036 /bN29 aMinisterio de educación aDescubrir 5 :bEnciclopedia escolar :bQuinto grado de educación primaria / aLima :bEditorial Navarrete. a512 páginas ;bIlustraciones, fotografías,c22 cm. aContenido: Enciclopedia escolar. aTexto escolar aEnciclopedia ilustrada aMinisterio de educación  aCruz, Eduardo de la (lenguaje) aIllatopa, Alfredo (matemática) aPezo de la cuba, José (ciencias naturales) aLecaros, Fernando (historia de Perú) aCajahuaringa, Claudio (geografía) aObregon C., Luis A. (educación cívica)